Online
Catalog

Historia secreta de la guerra fría / : (Record no. 23061)

MARC details
000 -CABECERA
campo de control de longitud fija 01074nam a2200265 a 4500
001 - NÚMERO DE CONTROL
campo de control 000023565
005 - FECHA Y HORA DE LA ÚLTIMA TRANSACCIÓN
campo de control 20200930022319.0
008 - DATOS DE LONGITUD FIJA--INFORMACIÓN GENERAL
campo de control de longitud fija 101213s1952 sp r 000 0 spa d
040 ## - FUENTE DE LA CATALOGACIÓN
Centro catalogador/agencia de origen DO-SdBNP
Lengua de catalogación spa
Centro/agencia transcriptor BNPHU
041 17 - CÓDIGO DE LENGUA
Código de lengua del texto/banda sonora o título independiente spa
Código de lengua original eng
Fuente del código Código de idiomas MARC
082 ## - NÚMERO DE LA CLASIFICACIÓN DECIMAL DEWEY
Número de clasificación nnnn
Número de documento/Ítem Z16h
049 ## - FONDOS LOCALES (OCLC)
Fondos de biblioteca BNGR
100 1# - ENTRADA PRINCIPAL--NOMBRE DE PERSONA
Nombre de persona Zacharias, Ellis M.,
9 (RLIN) 48575
240 10 - TÍTULO UNIFORME
Título uniforme Behind closed doors : the secret history of the cold war.
Lenguaje de la obra Español.
245 10 - MENCIÓN DE TÍTULO
Título Historia secreta de la guerra fría / :
Resto del título Ellis M. Zacharias..., con la colaboración de Ladislas Farago ; traducción de Luis Palazón.
260 ## - PUBLICACIÓN, DISTRIBUCIÓN, ETC.
Lugar de publicación, distribución, etc. Barcelona :
Nombre del editor, distribuidor, etc. José Janés,
Fecha de publicación, distribución, etc. 1952.
300 ## - DESCRIPCIÓN FÍSICA
Extensión 323, p. ;
Dimensiones 22 cm.
490 1# - MENCIÓN DE SERIE
Mención de serie Los libros de Nuestro Tiempo
504 ## - NOTA DE BIBLIOGRAFÍA, ETC.
Nota de bibliografía, etc. Incluye referencias bibliográficas y notas al pie de las páginas.
534 ## - NOTA SOBRE LA VERSIÓN ORIGINAL
Frase introductoria Título original en inglés:
Mención de título del original Behind closed doors : the secret history of the cold war.
504 ## - NOTA DE BIBLIOGRAFÍA, ETC.
Nota de bibliografía, etc. Bibliografía: p. [299]-323.
700 1# - PUNTO DE ACCESO ADICIONAL--NOMBRE DE PERSONA
Nombre de persona Farago, Ladislas,
9 (RLIN) 48576
700 1# - PUNTO DE ACCESO ADICIONAL--NOMBRE DE PERSONA
Nombre de persona Palazón, Luis,
Término indicativo de función/relación tr.
9 (RLIN) 48577
830 #4 - PUNTO DE ACCESO ADICIONAL DE SERIE-TÍTULO UNIFORME
Título uniforme Los libros de Nuestro Tiempo
9 (RLIN) 48578
Holdings
Estado de retiro Estado de pérdida Restricciones de uso No para préstamo Código de colección Localización permanente Ubicación/localización actual Ubicación en estantería Fecha de adquisición Número de inventario Total de préstamos Signatura topográfica completa Código de barras Fecha visto por última vez Precio válido a partir de Tipo de ítem Koha
    Préstamo interno   Monografías: Libros y Folletos General General En catalogación 13.12.2010 LF1   nnnn Z16h 23565-10 25.06.2020 25.06.2020 Préstamo interno

Powered by Koha